| 000 | 00618cam a2200205 4500 | ||
|---|---|---|---|
| 001 | D16369 | ||
| 008 | 090401t1981 xxu||||| |||| 00| 0 eng d | ||
| 035 | _a(Sirsi) u95414 | ||
| 041 | _aeng | ||
| 050 | _a333.3321 | ||
| 110 |
_aRoyal Institution of Chartered Surveyors _94900 |
||
| 245 | _aValuations for current cost accounting. One day conference, Newcastle upon Tyne, 28 April 1981 | ||
| 260 |
_aLondon _bSurveyors` Technical Services _c1981 |
||
| 300 | _a2 papers | ||
| 350 | _a0 | ||
| 520 | _aFiled in box RICS 1981/27 ABC | ||
| 710 |
_aGeneral Practice Division _9752 |
||
| 942 | _n0 | ||
| 948 | _c04/03/1997 | ||
| 999 |
_c98490 _d98490 |
||